| LEADER 00000nam 2200000uu 4500 |
| 001 13399120403 |
| 003 ULIBM |
| 008 181105s2560||||th 000 0 tha d |
| 020 ^a9786169281801
|
| 082 0 ^a633.682^bส425ม
|
| 110 0 ^aมูลนิธิสถาบันพัฒนามันสำปะหลังแห่งประเทศไทย.
|
| 245 00 ^aอัศจรรย์มันสำปะหลัง = Wonders of tapioca /^cโดย มูลนิธิสถาบันพัฒนามันสำปะหลังแห่งประเทศไทย.
|
| 250 ^aพิมพ์ครั้งที่ 1.
|
| 260 ^aกรุงเทพฯ :^bมูลนิธิสถาบันพัฒนามันสำปะหลังแห่งประเทศไทย,^c2560.
|
| 300 ^a193 หน้า :^bภาพประกอบ ;^c33 ซม.
|
| 650 ^aมันสำปะหลัง.
|
| 650 ^aผลิตภัณฑ์มันสำปะหลัง.
|
| 710 ^aมูลนิธิสถาบันพัฒนามันสำปะหลังแห่งประเทศไทย.
|
| 999 ^aจริญญา ศิลธรรม
|
หนังสือดีน่าอ่าน

“ดั่งดวงแก้ว ส่องสว่าง ทางสายงาม”
จัดทำขึ้นเพื่อเฉลิมพระเกียรติ สมเด็จพระเทพรัตนราชสุดา ฯ สยามบรมราชกุมารี
เนื่องในโอกาสมหามงคลเฉลิมพระชนมพรรษา ๕ รอบ ๒ เมษายน ๒๕๕๘
โดยหนังสือเล่มนี้ได้รวบรวม ๖๐ พระอัจฉริยภาพของสมเด็จพระเทพ ฯ
ผู้อ่านจะได้รับแรงบันดาลใจให้พากเพียรเรียนรู้และขยันอดทนทำการงาน
ตามรอยเบื้องพระยุคลบาท เพราะพระองค์ทรงเป็นแบบอย่างอันดีเยี่ยมในทุกด้าน
ทั้งในความใฝ่รู้ใฝ่เรียน คุณธรรมจริยธรรม พระวิริยอุตสาหะในการทรงงาน
และอื่นๆอีกมากมาย ล้วนสามารถสร้างแรงบันดาลใจให้แก่เด็กและเยาวชน
อีกทั้งประชาชนทั่วไป ให้พากเพียรเรียนรู้และขยันอดทนทำการงานตามรอยพระยุคลบาท
เพื่อฝึกฝนตนเองให้เป็นคนดีคนเก่งของครอบครัวและสังคมต่อไป